Statistics for The Challenge- Guess the Contestant

Click here to take the quiz!

General Stats

  • This quiz has been taken 12 times
  • The average score is 14 of 16

Answer Stats

Answer% Correct
Ashley
100%
Darrell
100%
Derrick
100%
Johnny
100%
Leroy
100%
Tori
100%
Wes
100%
Cara Maria
90%
CT
90%
Jordan
90%
Aneesa
80%
Devin
80%
Emily
70%
Kaycee
70%
Zack
70%
Theresa
60%

Score Distribution

Percentile by Number Answered

Percent of People with Each Score

Your Score History

You have not taken this quiz